Flores y perlas (Registro nro. 157102)

Detalles MARC
000 -LEADER
campo de control de longitud fija 00997nam a22002055i 4500
001 - NÚMERO DE CONTROL
campo de control 157102
003 - IDENTIFICADOR DE NÚMERO DE CONTROL
campo de control ES-MaACL
005 - FECHA Y HORA DE LA ÚLTIMA TRANSACCIÓN
campo de control 20250824063051.0
008 - DATOS DE LONGITUD FIJA--INFORMACIÓN GENERAL
campo de control de longitud fija 040809s1862 sp |||| | spa d
040 ## - FUENTE DE CATALOGACIÓN
Centro catalogador/agencia de origen CAM
Lengua de catalogación spa
Centro/agencia transcriptor CAM
100 1# - ENTRADA PRINCIPAL--NOMBRE DE PERSONA
Nombre de persona Larra y Wetoret, Luis Mariano de,
Fechas asociadas al nombre 1830-1901
9 (RLIN) 70289
245 10 - MENCIÓN DEL TÍTULO
Título Flores y perlas
Resto del título : drama en tres actos y en verso /
Mención de responsabilidad, etc. por Luis Mariano de Larra.
250 ## - MENCION DE EDICION
Mención de edición 3ª ed.
260 ## - PUBLICACIÓN, DISTRIBUCIÓN, ETC.
Lugar de publicación, distribución, etc. Madrid :
Nombre del editor, distribuidor, etc. [s.n.],
Fecha de publicación, distribución, etc. 1862 (
Fabricante Imprenta de José Rodriguez)
300 ## - DESCRIPCIÓN FÍSICA
Extensión 77 p. ;
Dimensiones 19 cm.
500 ## - NOTA GENERAL
Nota general En port.: Representado por primera vez en el teatro de Variedades el 15 de diciembre de 1860.
596 ## - NOTA AL PIE DE IMPRENTA
NOTA AL PIE DE IMPRENTA En la pag .7 consta: "Los comisionados de la Galeria dramática y lírica titulada El Teatro, son los exclusivos encargados ..."
852 ## - LOCALIZACIÓN
Ubicación ES-MaACL
Número de control de estantería F-8612(4)
Nota libre -- Enc. pasta española
condición física -- Falto de la cub. original
Nota libre -- Enc. en un vol. facticio formando parte de la col. facticia "Teatro español moderno", vol. 67
Existencias
Estatus retirado Estado de pérdida Estado de daño No para préstamo Colección Biblioteca de origen Biblioteca actual Ubicación en estantería Fecha de adquisición Total de préstamos Signatura topográfica completa Código de barras Visto por última vez Precio de reemplazo Tipo de ítem Koha
        Libros del s. XIX Biblioteca del Ateneo de Madrid Biblioteca del Ateneo de Madrid Sala Pecera Planta 2 17/01/2008   F-8612(4) 1164376 23/02/2023 23/02/2023 Libro impreso antiguo